Feasibility of animal husbandry development in Dharmapuri district (Record no. 476755)

000 -LEADER
fixed length control field 00462cam a22001337a 4500
008 - FIXED-LENGTH DATA ELEMENTS--GENERAL INFORMATION
fixed length control field 180718b1978 xxu||||| |||| 00| 0 eng d
082 ## - DEWEY DECIMAL CLASSIFICATION NUMBER
Classification number Z29x5452 G646
100 ## - MAIN ENTRY--PERSONAL NAME
Personal name Goplaswamy, T.P.
245 ## - TITLE STATEMENT
Title Feasibility of animal husbandry development in Dharmapuri district
Statement of responsibility, etc. by T.P. Gopalaswamy and V. Radhakrishnan
260 ## - PUBLICATION, DISTRIBUTION, ETC.
Place of publication, distribution, etc. Bangalore
Name of publisher, distributor, etc. Indian Instiute of management
Date of publication, distribution, etc. 1978
300 ## - PHYSICAL DESCRIPTION
Extent 132p.
650 ## - SUBJECT ADDED ENTRY--TOPICAL TERM
Topical term or geographic name entry element Livestock - Idia - Tamil Nadu
700 ## - ADDED ENTRY--PERSONAL NAME
Personal name Radhakrishnan, V.
Holdings
Withdrawn status Lost status Damaged status Not for loan Permanent Location Current Location Date acquired Full call number Barcode Date last seen Price effective from Koha item type
        Indian Institute of Public Administration Indian Institute of Public Administration 2018-08-04 Z29x5452 G646 GR10171 2018-08-04 2018-08-04 GR

Powered by Koha